000 00817nam a2200229Ia 4500
008 100315s9999 xx 000 0 und d
040 _cENGLISH 
082 _b10223 
_a332 
100 _aRESERVE BANK OF INDIA
245 _aAsset Liability Management System Guidelines for all-india Financial Institutions
260 _aMUMBAI 
_bRESERVE BANK OF INDIA  
_c1999 
300 _a81 
365 _eRupees 
_d
_b0.00 
366 _f
505 _gVaibhav Gaikwad 
530 _bDonated By RBI Library  
620 _a"Finance, Bank, Economic, RBI Book "
630 _aAsset Liability Management System Guidelines for all-india Financial Institutions
650 _aECONOMIC 
730 _aAsset Liability Management System Guidelines for all-india Financial Institutions
942 _cBOOK
999 _c484957
_d484954